00931 2200277 4500001002100000005001500021035002500036040002400061041000800085082001200093084001400105090001600119245012200135260004900257300002500306650001300331650001500344850001200359008004100371500003000412500010900442500006200551100001800613990001100631990001100642YOGYA00000000004956620180905093142 a0010-081400000049284 aKB.NLbinddYOPDYOG0 adut04223a110 a110 HAC e aL 110 HAC e1 aErnst Hackel en zijn monisme :bDe groote denkers der eeuwen : algemeene bibliotheek van wijsbegeerte /cErnst Hackel3 aAmsterdam :bVan Holkema en Warendorf,c1915 a400 halaman ;c21 cm 4aFilsafat 4aMetafisika aYOPDYOG180905 g 0 dut  aTeks dalam bahasa Belanda aTerjemahan dari bahasa Jerman: Die Weltratsel: gemeinverständliche Studien uber monistische Philosophie aSeri: Pemikir besar abad-abad: perpustakaan umum filsafat1 aHackel, Ernst a3396-c a3396-c